Southville International School and Colleges
Your cart is empty.
  • Cart
  • Lists
    Public lists Eva Luna New books Lux_list list_1
    Your lists Log in to create your own lists
  • Log in to your account
  • Your cookies
  • Search history
Southville International School and Colleges
  • Advanced search
  • Recent comments
  • Most popular
  • Libraries

Log in to your account

Log in with GOOGLE


If you do not have an external account, but do have a local account, you can still log in:

  1. Home
  2. MARC view: Essentials of body fluids
Normal view MARC view ISBD view

Essentials of body fluids (Record no. 368769)

[ view plain ]
MARC details
000 -LEADER
fixed length control field 00586nam a22002057a 4500
003 - CONTROL NUMBER IDENTIFIER
control field 0
005 - DATE AND TIME OF LATEST TRANSACTION
control field 20260124154548.0
008 - FIXED-LENGTH DATA ELEMENTS--GENERAL INFORMATION
fixed length control field 260124b xxu||||| |||| 00| 0 eng d
020 ## - INTERNATIONAL STANDARD BOOK NUMBER
International Standard Book Number 9781779562739
050 ## - LIBRARY OF CONGRESS CALL NUMBER
Classification number QP 34.5
Item number .D83 2025
100 ## - MAIN ENTRY--PERSONAL NAME
Personal name Duarte, Gabriel
245 ## - TITLE STATEMENT
Title Essentials of body fluids
Statement of responsibility, etc by Gabriel Duarte
260 ## - PUBLICATION, DISTRIBUTION, ETC. (IMPRINT)
Place of publication, distribution, etc Canada
Name of publisher, distributor, etc Arcler Press / Allied Health Press
Date of publication, distribution, etc 2025
300 ## - PHYSICAL DESCRIPTION
Extent xi, 355 pages ;
Dimensions 26cm.
504 ## - BIBLIOGRAPHY, ETC. NOTE
Bibliography, etc Includes index.
600 ## - SUBJECT ADDED ENTRY--PERSONAL NAME
Personal name
650 ## - SUBJECT ADDED ENTRY--TOPICAL TERM
Topical term or geographic name as entry element Body fluids — Physiology.
650 ## - SUBJECT ADDED ENTRY--TOPICAL TERM
Topical term or geographic name as entry element Body fluids — Clinical aspects.
942 ## - ADDED ENTRY ELEMENTS (KOHA)
Source of classification or shelving scheme Library of Congress Classification
Koha item type Books
Holdings
Withdrawn status Lost status Source of classification or shelving scheme Damaged status Home library Current library Shelving location Date acquired Source of acquisition Sub Shelving location Total Checkouts Full call number Barcode Date last seen Price effective from Koha item type
    Library of Congress Classification   South SEED-LPDH College Library South SEED-LPDH College Library South SEED-LPDH College Section 01/24/2026 Library Fund     QP 34.5 .D83 2025 SSLC1943 01/24/2026 01/24/2026 Books

Essentials of body fluids

APA

Duarte G., . (2025). Essentials of body fluids. Canada: Arcler Press / Allied Health Press.

Chicago

Duarte Gabriel, . 2025. Essentials of body fluids. Canada: Arcler Press / Allied Health Press.

Harvard

Duarte G., . (2025). Essentials of body fluids. Canada: Arcler Press / Allied Health Press.

MLA

Duarte Gabriel, . Essentials of body fluids. Canada: Arcler Press / Allied Health Press. 2025.

  • Place hold
  • Print
  • Cite
  • Add to your cart (remove)
  • Save record
    BIBTEX Dublin Core MARCXML MARC (non-Unicode/MARC-8) MARC (Unicode/UTF-8) MARC (Unicode/UTF-8, Standard) MODS (XML) RIS
  • More searches
    Search for this title in:
    Other Libraries (WorldCat) Other Databases (Google Scholar) Online Stores (Bookfinder.com) Open Library (openlibrary.org)

Exporting to Dublin Core...

SOUTHVILLE LIBRARY

Southville International School and Colleges Library

1281 Tropical Ave. Cor. Luxembourg St., BF Homes International, Las Pinas City

Tel. No. 8256374 / 252358 Loc. 117/146

Powered by Koha